| 000 | 01282cam a22002893a 4500 | ||
|---|---|---|---|
| 001 | 14685 | ||
| 003 | PGUSA | ||
| 005 | 20140828083320.0 | ||
| 008 | 050113s2005||||xxu|||||s|||||000 | eng d | ||
| 040 |
_aPGUSA _beng |
||
| 042 | _adc | ||
| 050 | 4 | _aDS | |
| 245 | 1 | 4 |
_aThe Philippine Islands, 1493-1898 — Volume 11 of 55 : _b1599-1602 Explorations by Early Navigators, Descriptions of the Islands and Their Peoples, Their History and Records of the Catholic Missions, as Related in Contemporaneous Books and Manuscripts, Showing the Political, Economic, Commercial and Religious Conditions of Those Islands from Their Earliest Relations with European Nations to the Close of the Nineteenth Century _h[electronic resource] |
| 260 |
_bProject Gutenberg, _c2005 |
||
| 506 | _aPublic domain in the USA. | ||
| 516 | _aElectronic text | ||
| 653 | _aMissions -- Philippines | ||
| 653 | _aPhilippines -- Discovery and exploration | ||
| 653 | _aPhilippines -- History -- Sources | ||
| 653 | _aDemarcation line of Alexander VI | ||
| 700 | 1 |
_aBlair, Emma Helen, _d-1911 |
|
| 700 | 1 |
_aRobertson, James Alexander, _d1873-1939 |
|
| 700 | 1 |
_aBourne, Edward Gaylord, _d1860-1908 |
|
| 830 | 0 |
_aProject Gutenberg _v14685 |
|
| 856 | 4 | 0 | _uhttp://www.gutenberg.org/ebooks/14685 |
| 942 | _cEB | ||
| 999 |
_c243940 _d243940 |
||